01285 2200601 4500001002100000008004100021035002000062245005700082100001600139250000600155260003000161300001200191084001400203082000800217650001400225990001200239990001200251990001200263990001200275990001200287990001200299990001200311990001200323990001200335990001200347990001200359990001200371990001200383990001200395990001200407990001200419990001200431990001200443990001200455990001200467990001200479990001200491990001200503990001200515990001200527990001200539990001200551990001200563990001200575990001200587990001200599990001200611990001200623990001200635990001200647990001200659990001200671INLIS000000000000988 ind  a0010-0524000223 aPanduan Praktikum Fisika Kelas X Jilid 1cAri Damari aDamari, Ari a1 aJakarta :bErlanggac2019 a126 hlm a530 ARI p a530 aNon Fiksi a0741767 a0741768 a0741769 a0741770 a0741771 a0741772 a0741773 a0741774 a0741775 a0741776 a0741777 a0741778 a0741779 a0741780 a0741781 a0741782 a0741783 a0741784 a0741785 a0741786 a0741787 a0741788 a0741789 a0741790 a0741791 a0741792 a0741793 a0741794 a0741795 a0741796 a0741797 a0741798 a0741799 a0741800 a0741801 a0741802 a0741803